00654nam a22002057a 450000500170000000800410001704000070005804100080006508200210007310000370009424500900013126000520022130000260027365000210029965000190032065000320033970000260037170000260039770000250042320211231103048.0211231b ||||| |||| 00| 0 eng d cAL aeng 223a382.45bWILA aRoger Williamson Ed ...[et. al.] aArms Trade Today: Arms Transfers and Proliferation: A CCIA Consultation, January 1993 aSwitzerland:bWorld Council of Churches,c1993. a197 p.bPBc21x15 cm. aWeapons Industry aArms Transfers aFirearms Industry and Trade aWILLIAMSON (Roger) Ed bSALTER (Elizabeth) Ed aMERAHI (Beatrice) Ed